Los rayos de la rueda: los caminos de la religión
Guardado en:
| Autor principal: | |
|---|---|
| Formato: | Libro |
| Lenguaje: | español |
| Publicado: |
Santiago
Forja
2008
|
| Edición: | 1a. ed |
| Colección: | Ensayo
|
| Materias: | |
| Etiquetas: |
Agregar Etiqueta
Sin Etiquetas, Sea el primero en etiquetar este registro!
|
MARC
| LEADER | 00000nam a2200000 a 4500 | ||
|---|---|---|---|
| 001 | UCI9236 | ||
| 003 | CL-VaPUC | ||
| 008 | 081030e20080800CL |||||||||||||||||spa|d | ||
| 020 | |a 9789568323547 | ||
| 082 | 0 | 4 | |a 200.9 |b MER |2 21 |
| 100 | |a Mera Muñoz, Raúl Eduardo |e autor |9 532866 | ||
| 245 | 1 | 4 | |a Los rayos de la rueda: los caminos de la religión |
| 250 | |a 1a. ed | ||
| 300 | |a 229 p | ||
| 942 | |c BK | ||
| 945 | |d 20081030 00:00:00 |a jtorresc | ||
| 260 | |a Santiago |b Forja |c 2008 | ||
| 650 | 0 | |a Historia de la religión |9 313185 | |
| 650 | 0 | |a Filosofía de la religión |9 256017 | |
| 583 | |a last modification |c 20170530 05:36:43 |k Rodrigo Vera | ||
| 490 | 0 | |a Ensayo | |
| 999 | |c 331815 |d 331813 | ||
| 952 | |0 0 |1 0 |4 0 |6 200_900000000000000_MER_2008 |7 0 |8 A |9 418951 |a BIBTEO |b BIBTEO |d 2019-11-22 |i 4494636 |o 200.9 MER 2008 |p 4494636 |r 2025-01-17 |w 2019-11-22 |y BK |k ICR | ||